00516 2200205 4500001002100000008004100021035002000062245006400082100002300146250000600169260004100175300001100216084001400227082000800241650001300249990001200262990001200274990001200286990001200298INLIS000000000000734 ind  a0010-0424000710 aServis Sistem Kopling Sepeda MotorcArif Hidayatullah, S.Pd aHidayatullah, Arif a1 aYogyakarta :bCitra Aji Paramac2012 a68 hlm a600 ARI s a600 aNonfiksi a0721972 a0721973 a0721974 a0721975